Malay Loanwords - Statistics

General Stats
  • This quiz has been taken 92 times
  • The average score is 9 of 20
Answer Stats
Definition Loanword % Correct
Great ape mostly found on Borneo Orangutan
87%
Foul-smelling fruit Durian
83%
Plant appreciated by panda bears Bamboo
79%
Behave uncontrollably: to run ____ Amok
60%
Small lizard with sticky fingers Gecko
56%
Currency of Malaysia Ringgit
56%
Skewered meat Satay
52%
Spiny red fruit Rambutan
46%
Aquatic mammal that resembles a manatee Dugong
40%
Metal disk that emits a powerful sound Gong
40%
Scaly mammal that curls itself into a ball Pangolin
40%
Wavy-edged dagger Kris
39%
Ancient Chinese ship Junk
37%
Gelatin substitute Agar-Agar
36%
Large flightless Australian bird Cassowary
26%
Crested Australian parrot Cockatoo
24%
High official in imperial China Mandarin
21%
Checkered clothing fabric Gingham
15%
Crude rice Paddy
13%
Louse Cootie
8%
No matching quizzes found
Score Distribution
Percent of People with Each Score
Percentile by Number Answered
Your Score History
You have not taken this quiz